The President's cabinet ; studies in the origin, formation and structure of an American institution /

Bibliographic Details
Main Author: Learned, Henry Barrett
Format: Book
Language:English
Published: New Haven : Yale university press, 1912.
Subjects:

MARC

Tag First Indicator Second Indicator Subfields
LEADER 00000cam a2200000 4500
001 in00000081517
005 20151008053006.0
008 750808s1912 ctu b 00000 eng u
010 |a  12001466  
035 |a (OCoLC)01524972 
035 |9 AAH5766AM 
040 |c CSU  |d TXA  |d UtOrBLW 
049 |a TXAM  |c [6386] 
050 0 0 |a JK611  |b .L5 
092 |a 353.053  |b L438p 
100 1 |a Learned, Henry Barrett. 
245 1 4 |a The President's cabinet ;  |b studies in the origin, formation and structure of an American institution /  |c by Henry Barrett Learned. 
264 1 |a New Haven :  |b Yale university press,  |c 1912. 
300 |a xii,471p. ;  |c 22cm. 
336 |a text  |b txt  |2 rdacontent 
337 |a unmediated  |b n  |2 rdamedia 
338 |a volume  |b nc  |2 rdacarrier 
500 |a "List of authorities": pages 404-427. 
650 0 |a Cabinet officers  |z United States. 
651 0 |a United States  |x Politics and government. 
999 |a MARS 
999 f f |s cb7235e4-73d4-3723-9f43-ed34ae722cd7  |i e9061b5d-f124-3fec-b899-7860b007b957  |t 0 
952 f f |p ric  |a Texas A&M University  |b Rellis Campus  |c Joint Library Facility  |d Remote Storage  |t 0  |e JK611 .L5  |h Library of Congress classification  |i unmediated -- volume  |m A14800799923 
998 f f |a JK611 .L5  |t 0  |l Remote Storage